| 000 | 00830nam a2200205 a 4500 | ||
|---|---|---|---|
| 001 | 000419036 | ||
| 003 | AM-YeHGA | ||
| 005 | 20250618072437.0 | ||
| 008 | 050407s1968 ai 000 | arm d | ||
| 040 | _aAM-YeHGA | ||
| 041 | 0 | _aarm | |
| 245 | 0 | 0 |
_aՃարտարապետության բառացանկ : _b(Նախագիծ) / _cՀՍՍՀ ԳԱ; Հայկ. սովետ. հանրագիտ., Հատուկ գիտ. բաժ. |
| 260 |
_aԵրևան : _bՀայկ. սովետ. հանրագիտ. հրատ., _c1968. |
||
| 300 |
_a24 էջ ; _c26 սմ. |
||
| 650 | 1 | 4 |
_aՀանրագիտարան _94617 |
| 710 | 2 |
_aԳիտությունների ակադեմիա ՀՍՍՀ _94421 |
|
| 710 | 2 |
_aՀայկական սովետական հանրագիտարան. _bՀատուկ գիտական խմբագրություն |
|
| 942 |
_2udc _cBK |
||
| 090 | _c161420 | ||
| 999 |
_c160016 _d160016 |
||